00326nam a2200121Ia 4500008004100000041000800041082001400049100001700063245004500080260004100125300003100166365000700197240624s9999 xx 000 0 und d aeng a650.1 PER aPERSICO JOHN aNEW BUSINESS VALUES FOR SUCCESS IN THE T c2000aMumbaibJaico Publishing House axii, : 312 : p. : cm. ; 25 cRS